Statistics for Carbon Cycle Quiz

Click here to take the quiz!

General Stats

  • This quiz has been taken 15 times
  • The average score is 3 of 5

Answer Stats

AnswerHint% Correct
PhotosynthesisStep 1
100%
CombustionStep 5
57%
RespirationStep 4
57%
DecompositionStep 3
50%
Carbon FixationStep 2
7%

Score Distribution

Percentile by Number Answered

Percent of People with Each Score

Your Score History

You have not taken this quiz